Представление документа в формате RUSMARC

ПолеНазваниеЗначение
  Тип записи a
  Библиографический уровень a
001 Контрольный номер 7f910788b72641e88269028615ae3c80
005 Дата корректировки 20260414094630.1
100 Данные общей обработки __
a Данные общей обработки 20260414 ||| 0rusy0189 ca
101 Язык документа 0_
a Язык текста rus
102 Страна публикации __
a Страна публикации RU
200 Заглавие и сведения об ответственности 1_
a Заглавие Дети радуги с далёких островов
e Сведения, относящиеся к заглавию [о райских птицах]
f Первые сведения об ответственности Е. Мигунова
461 Уровень набора _0
1 2000
a Тошка и компания
463 Уровень физической единицы _0
1 2000
a № 3
v С. 10-13 : фот., ил.
1 2101
d 2026
1 001130724fde0f64c23af53f162280b99d2
606 Тематические рубрики 0_
a Основная рубрика Птицы. Орнитология
610 Ключевые слова 0_
a Ключевые слова птицы, орнитология, райские птицы, лентохвостая астрапия, чешуйчатая райская птица
686 Индексы других классификаций __
a Классификационный индекс 28.693.35
700 Автор _1
a Фамилия Мигунова
b Имя (инициалы) Е.
g Полное личное имя Елена
801 Источник записи _0
a Страна RU
b Организация УОБДЮ
c Дата составления 20260414
g Правила каталогизации RCR
801 Источник записи _1
a Страна RU
b Организация УОБДЮ
c Дата составления 20260414
g Правила каталогизации RCR
901 Тип документа __
t Тип документа b
w Контрольный № источника 130724fde0f64c23af53f162280b99d2
905 Данные по созданию БЗ __
b Логин пользователя, который создал БЗ ibo3